| 000 | 00650nam a22002177a 4500 | ||
|---|---|---|---|
| 003 | UA-OsUOA | ||
| 001 | 64828 | ||
| 007 | ta | ||
| 008 | 20091110b un ||||| |||| 00| 0 ukr d | ||
| 100 | _aЖулинський М. | ||
| 090 |
_a82 _bЖ87 |
||
| 942 | _cSA | ||
| 040 |
_aUA-OsUOA _bukr _cUA-OsUOA _dUA-OsUOA |
||
| 245 | _aОстрів у вічності був обіцяний Майстрові ще на землі (до 70-річчя Володимира Дрозда) | ||
| 300 | _aС.3-10 | ||
| 955 | _a0 | ||
| 041 | _aukr | ||
| 080 | _a82 | ||
| 773 | 0 | _w64820 | |
| 650 | 7 |
_a82 Література. Літературознавство _2UDC |
|
| 999 |
_c350936 _d350936 |
||